| 000 | 00411 a2200145 4500 | ||
|---|---|---|---|
| 005 | 20250623122247.0 | ||
| 020 | _a0-07-017337-0 | ||
| 082 | _aLM 681.2 DOE | ||
| 100 | _aDOEBELIN, E. O. | ||
| 245 | _aMeasurement Systems : Application and Design. | ||
| 250 | _a3rd Ed | ||
| 260 |
_aLondon, _bMcGraw-Hill, _c1983. |
||
| 300 |
_axx, 876p.: ill.; figure _bBibliographical references & Index _c20cm. |
||
| 942 |
_2ddc _cBKS |
||
| 999 |
_c4186 _d4186 |
||